Bienvenue au Catalogue en Ligne des Bibliothèques de l'Universite du Burundi

Conception et implantation d'un système de gestion des demandeurs d'emploi dans une institution (Record no. 52143)

000 -GUIDE
Champ de contrôle de longueur fixe 01284nam a22002537a 4500
003 - IDENTITÉ DU NUMÉRO DE CONTRÔLE
Champ de contrôle BI-BuBU
008 - ÉLÉMENTS DE LONGUEUR FIXE - RENSEIGNEMENTS GÉNÉRAUX
Champ de contrôle de longueur fixe 250602b20 B fr|||| 000 0 fre d
037 ## - SOURCE D'ACQUISITION
Source d'acquisition et du numéro d'inventaire Don de l'auteur
039 ## - NIVEAU DE CONTRÔLE BIBLIOGRAPHIQUE ET HISTORIQUE D'ENCODAGE [OBSOLETE]
Date creation 20250602101303.0
Nom catalographe Joella Nshimirimana
040 ## - SOURCE DU CATALOGAGE
Organisme qui a effectué le catalogage original BI-BuBU
Code de la langue utilisée dans le catalogage fre
Organisme qui a effectué la transcription BI-BuBU
Organisme qui a effectué la modification BI-BuBU
041 0# - CODE DE LANGUE
Code de langue du texte/de la piste sonore ou du titre distinct fre
080 ## - INDICE DE LA CLASSIFICATION DÉCIMALE UNIVERSELLE (CDU)
Indice de la Classification décimale universelle 681.3
100 1# - VEDETTE PRINCIPALE - NOM DE PERSONNE
Code de relation aut.
Nom de personne Kasindi Wabenga, Augustin
245 10 - MENTION DU TITRE
Titre Conception et implantation d'un système de gestion des demandeurs d'emploi dans une institution
Reste du titre cas de la ccordination des écoles conventionnées protestantes gérées par la 21è CNCA Sud-kivu
Mention de responsabilité, etc. Augustin Kasindi Wabenga ; Jéremie Ndikumagenge, directeur
260 ## - PUBLICATION, DIFFUSION, ETC. (ADRESSE BIBLIOGRAPHIQUE)
Lieu de publication, diffusion, etc. Bujumbura
Nom de l'éditeur, diffuseur, etc. Université du Burundi, Faculté des Sciences de l'ingenieur
Date of publication, distribution, etc 2023
300 ## - DESCRIPTION MATÉRIELLE
Collation XII-71 f.
Dimensions 30 Cm.
500 ## - NOTE GÉNÉRALE
Note générale Mémoire présenté par Kasindi Wabenga Augustin à la faculté des Sciences de l’ingénieur (FSI) en vue de l'obtention du grade de master en génie informatique
650 #7 - VEDETTE-MATIÈRE - NOM COMMUN
Source du terme BI-BuBU
Vedette de sujet ou vedette comportant un nom géographique Logiciel (système de gestion )
Subdivision générale conception
-- demandeur d'emploi
-- Ecole conventionnée protestante
Subdivision géographique sud-kivu
655 #7 - TERME D'INDEXATION - GENRE OU FORME
Source du terme BI-BuBU
Données ou terme dominant sur le genre ou la forme Mémoire
700 1# - VEDETTE SECONDAIRE - NOM DE PERSONNE
Code de relation dir.
Nom d'auteur Ndikumagenge,Jéremie
710 ## - VEDETTE SECONDAIRE - NOM DE COLLECTIVITÉ
Code de relation aut.
Nom de la collectivité ou nom de lieu comme élément de classement Université du Burundi
Collectivité subordonnée Faculté des Sciences de l'ingenieur
942 ## - ÉLÉMENTS D'ENTRÉE ADDITIONNELLE (KOHA)
Source de la classification ou du système de rangement
Type d item koha Memoire
Holdings
Statut de retrait Statut de perte Source de la classification ou du système de rangement Statut de déterioration Exclu du prêt Numéro d item Koha Localisation permanente Localisation actuelle Date d'acquisition Source d'acquisition Nombre de prêts Cote Code-barres Date last seen Numéro d'exemplaire Prix en vigueur à partir du Type d item koha Numero d'inventaire
        Not For Loan 83869 Bibliothèque Centrale Bibliothèque Centrale 02/06/2025 don de l'auteur   R.681.3 KAS. 5010000750015 02/06/2025 1 02/06/2025 Memoire 241444
        Not For Loan 84309 Bibliothèque du Campus Kiriri Bibliothèque du Campus Kiriri 09/09/2025 Don de l'auteur   681.3 KAS.E.2023 5010000526795 09/09/2025 1 09/09/2025 Memoire  
© 2019-2026 - Bibliothèques de l'Université du Burundi |Tous droits réservés
home | Pour toute information urgente Contactez nous | tel whatsupp: +25779204313